00942nam a2200205Ia 4500999001700000082002300017100002000040245006000060260008300120300001300203504003500216650005000251650005000301650004500351650005500396650004900451942001200500952011200512952011200624 c20135d20135 a307.72095412 VAR-; aVarma, Poornima 0aSocial organisation of Amnari: a village in Chotanagpur aCalcuttabInstitute of Social Research and Applied Applied Anthropologyc1977 ax, 276p. aIncludes bibliography, indexes aRural population - Amnari-Chotanagpur (Bihar) aAmnari-Chotanagpur (Bihar) - Rural conditions aRural development - Sociological aspects aSocial stratification - Amnari-Chotanagpur (Bihar) aAmnari-Chotanagpur - Social life and customs cBK2ddc 00104070aNASSDOCbNASSDOCd2004-06-08l0o307.72095412 VAR-;p11502r2019-04-18 00:00:00w2019-04-18yBK 00104070aNASSDOCbNASSDOCd2004-06-08l0o307.72095412 VAR-;p11503r2019-04-18 00:00:00w2019-04-18yBK